000 00402nam a22001697a 4500
005 20160627113356.0
008 160627b xxu||||| |||| 00| 0 eng d
020 _a978-0-091-90641-2
041 _aeng
082 _b10443
100 _aCarnegic, Dale
_92850
245 _aHowstop worying and Start living
260 _bVeri Millan
_c2004
300 _a293
650 _aManagement
_9241
942 _cBK
999 _c4209
_d4208